| 000 | 00517nam a2200217Ia 4500 | ||
|---|---|---|---|
| 003 | OSt | ||
| 005 | 20230403094838.0 | ||
| 008 | 210423s2001 xx 000 0 und d | ||
| 020 | _a8122413226 | ||
| 040 | _cAL | ||
| 041 | _aeng | ||
| 082 |
_a657.42 _223 _bRAOM |
||
| 100 |
_aRAO (M E Thukaram). _982138 |
||
| 245 | _aCost accounting. | ||
| 250 | _a2 | ||
| 260 |
_aNew Delhi _bNew American Library _c2001 |
||
| 300 |
_axvii,1010 _bPB |
||
| 365 |
_b295 _cINR |
||
| 906 | _aaccounting. ; Cost | ||
| 942 |
_2ddc _cBK |
||
| 999 |
_c156800 _d156800 |
||